000 01389cam a2200409 a 4500
999 _c522577
_d522577
001 2148998
003 NUST
005 20181114100450.0
008 980212s1998 nyua b 001 0 eng d
010 _a 98141279
020 _a0060172134
035 _a(OCoLC)38430172
038 _awaseem
040 _aWGr
_cWGr
_dMBdM
_dOCoLC
_dNjSoVA
_dDLC
042 _alccopycat
050 0 4 _aRC685.C6
_bO757 1998b
082 0 0 _a823
_bORN
100 1 _aOrnish, Dean.
_912592
245 1 0 _aLove & survival :
_bthe scientific basis for the healing power of intimacy /
_cDean Ornish.
246 3 0 _aLove and survival
250 _a1st ed.
260 _aNew York :
_bHarperCollins,
_c1998.
300 _a284 p. :
_bill. ;
_c25 cm.
504 _aIncludes bibliographical references (p. [267]-284).
650 0 _aCoronary heart disease
_xPsychological aspects.
_912593
650 0 _aLove.
_912594
650 0 _aIntimacy (Psychology)
_911364
650 0 _aLongevity.
_912595
650 0 _aHealth.
_93553
650 2 _aHealth.
_93553
650 2 _aLongevity.
_912595
650 2 _aLove.
_912594
856 4 2 _3Contributor biographical information
_uhttp://www.loc.gov/catdir/enhancements/fy1308/98141279-b.html
906 _a7
_bcbc
_ccopycat
_d2
_encip
_f19
_gy-gencatlg
942 _2ddc
_cBK